A history of Nigeria for schools and colleges (Record no. 26733)

MARC details
000 -LEADER
fixed length control field 00461nam a2200181Ia 4500
020 ## - INTERNATIONAL STANDARD BOOK NUMBER
ISBN 9789781751466
050 ## - CALL MARK
Classification number DT515.59 .H57/
100 ## - STATEMENT OF RESPONSIBILITY--MAIN AUTHOR NAME
Personal name Eluwa, G. I. C.
245 #2 - TITLE STATEMENT
Title A history of Nigeria for schools and colleges
260 ## - PUBLICATION, DISTRIBUTION, ETC. (IMPRINT)
Place of publication Onitsha
260 ## - PUBLICATION, DISTRIBUTION, ETC. (IMPRINT)
Name of publisher Africana First Publishers
260 ## - PUBLICATION, DISTRIBUTION, ETC. (IMPRINT)
Year of publication 2016
300 ## - PHYSICAL DESCRIPTION
Number of Pages 322 p
650 ## - SUBJECT ADDED ENTRY--TOPICAL TERM
Topical Term Nigeria--History.
942 ## - ADDED ENTRY ELEMENTS (KOHA)
Koha item type Books
Holdings
Withdrawn status Lost status Source of classification or shelving scheme Damaged status Not for loan Permanent Location Current Location Shelving location Date acquired Full call number Accession Number Price effective from Koha item type
    Library of Congress Classification     NILE UNIVERSITY OF NIGERIA - MAIN LIBRARY NILE UNIVERSITY OF NIGERIA - MAIN LIBRARY Items on shelf 04/23/2025 DT515.59 .H57 0186630 04/23/2025 Books